000 01857nam a22002657a 4500
999 _c58167
_d58167
003 Ge_BSU
005 20210719141914.0
008 210719s2021 ge ||||| |||| 00| 0 geo d
020 _a9789941834165
041 _ageo
080 _a342.726(096) კ-15
245 _aკაზუსები ანტიდისკრიმინაციულ სამართალში /
_cდიმიტრი გეგენავას რედაქტორიბით; ავტორები: თამარ ონიანი, გვანცა ლაშხია, სოფიო დემეტრაშვილი, მარიამ ჯიქია; სულხან-საბა ორბელიანის უნივერსიტეტი.
264 _aთბილისი:
_bსულხან-საბა ორბელიანის უნივერსიტეტის გამომცელობა,
_c2021.
300 _a175 გვ.
_b20 სმ.
500 _aწიგნი გამოიცემა USAID/PROLoG - ის მიერ დაფინანსებული ადამიანის უფლებების პროექტის ფარგლებში.
653 _aსამართალი
653 _aკაზუსები
700 _aგეგენავა, დიმიტრი
_eრედაქტორი
_912281
700 _aონიანი, თამარ
_eავტორი
_910678
700 _aლაშხია, გვანცა
_eავტორი
_912282
700 _aდემეტრაშვილი, სოფიო
_99270
700 _aჯიქია, მარიამ
_911926
710 _aსულხან-საბა ორბელიანის უნივერსიტეტი
_912283
942 _2udc
_cBK